| 000 | 00490cam a2200193 4500 | ||
|---|---|---|---|
| 001 | D15673 | ||
| 008 | 090401t1985 xxu||||| |||| 00| 0 eng d | ||
| 035 | _a(Sirsi) u24494 | ||
| 041 | _aeng | ||
| 050 | _a333.0062 | ||
| 110 |
_aRoyal Institution of Chartered Surveyors _94900 |
||
| 245 | _aMembers` handbook | ||
| 260 |
_aLondon _bSurveyors` Publications _c1985 |
||
| 300 | _a38p. 21cm | ||
| 350 | _a0 | ||
| 520 | _aFiled in box RICS 1985/39 ABCD | ||
| 942 | _n0 | ||
| 948 | _c04/03/1997 | ||
| 999 |
_c88554 _d88554 |
||